Common Geriatric Problems in Women/ (Record no. 210537)

MARC details
000 -LEADER
fixed length control field 00653nam a2200193 4500
005 - DATE AND TIME OF LATEST TRANSACTION
control field 20250327110806.0
010 ## - LCCN (DPL NO)
LC control number ENG-144302
020 ## - INTERNATIONAL STANDARD BOOK NUMBER
International Standard Book Number 9788193136232
Terms of availability 400.00
035 ## - SYSTEM CONTROL NUMBER
System control number EN-127834
037 ## - SOURCE OF ACQUISITION
Source of stock number/acquisition DBAD
082 ## - DEWEY DECIMAL CLASSIFICATION NUMBER
Classification number 618.3
Edition number 1
100 ## - MAIN ENTRY--PERSONAL NAME
Personal name Nikumbh, Subhash K.
245 ## - TITLE STATEMENT
Title Common Geriatric Problems in Women/
Statement of responsibility, etc By Subhash K. Nikumbh [and] Smruti Mandar Nikumbh
260 ## - PUBLICATION, DISTRIBUTION, ETC. (IMPRINT)
Place of publication, distribution, etc Karnataka
Name of publisher, distributor, etc Sukarmayogi Publishers
Date of publication, distribution, etc 2016
270 ## - ADDRESS
Address Rukmini Hospital, Maddi galli, Sankeshwar, Belgaum
City Karnataka
Postal code 591313
300 ## - PHYSICAL DESCRIPTION
Extent 94p
Dimensions 28cm(pb)
700 ## - ADDED ENTRY--PERSONAL NAME
Personal name Nikumbh, Smruti Mandar
9 (RLIN) 79964
Relator term Author
942 ## - ADDED ENTRY ELEMENTS (KOHA)
Source of classification or shelving scheme Dewey Decimal Classification
Item type English Books
Classification part 618.3
Call number suffix NIK
Holdings
Withdrawn status Lost status Not for loan Collection code Home library Current library Date acquired Source of acquisition Cost, normal purchase price Full call number Barcode Copy number Cost, replacement price Koha item type
      Non-fiction Mobile Library Mobile Library 27/03/2025 Delivery of Books Act Division 400.00 618.3 NIK EN-127834 1 400.00 English Books
        Mobile Library Mobile Library 19/11/2025     618.3 NIK       English Books

© Delhi Public Library
Hit Counter
free hit counter